000 00251nam a22001217a 4500
008 180922b xxu||||| |||| 00| 0 eng d
041 _aeng
080 _a701
100 _a45
101 _aART
245 _aTeotihuacan
_cMeyer, K.E
942 _2udc
_cBK
999 _c48244
_d48244